Shadowsmith (Record no. 141082)

MARC details
000 -LEADER
fixed length control field 00652nam a2200241 i 4500
001 - CONTROL NUMBER
control field C2-0344335
003 - CONTROL NUMBER IDENTIFIER
control field PPAK
005 - DATE AND TIME OF LATEST TRANSACTION
control field 20180728145258.0
008 - FIXED-LENGTH DATA ELEMENTS--GENERAL INFORMATION
fixed length control field 171228s2016 xxk |||| ||||| | eng d
020 ## - INTERNATIONAL STANDARD BOOK NUMBER
International Standard Book Number 9781782503040
040 ## - CATALOGING SOURCE
Original cataloging agency PPAK
Language of cataloging eng
Transcribing agency PPAK
Description conventions rda
082 04 - DEWEY DECIMAL CLASSIFICATION NUMBER
Classification number 823
Edition number 23
090 00 - LOCALLY ASSIGNED LC-TYPE CALL NUMBER (OCLC); LOCAL CALL NUMBER (RLIN)
Classification number (OCLC) (R) ; Classification number, CALL (RLIN) (NR) 823
Feature heading MAC
Feature heading K
100 1# - MAIN ENTRY--PERSONAL NAME
Personal name MacKenzie, Ross,
Dates associated with a name 1981-
Relator term author
245 10 - TITLE STATEMENT
Title Shadowsmith
264 #1 - PRODUCTION, PUBLICATION, DISTRIBUTION, MANUFACTURE, AND COPYRIGHT NOTICE
Place of production, publication, distribution, manufacture Edinburgh, United Kingdom :
Name of producer, publisher, distributor, manufacturer Floris Books ,
Date of production, publication, distribution, manufacture, or copyright notice 2016
300 ## - PHYSICAL DESCRIPTION
Extent 266 pages ;
Dimensions 20 cm
336 ## - CONTENT TYPE
Source rdacontent
Content type term text
337 ## - MEDIA TYPE
Source rdamedia
Media type term unmediated
338 ## - CARRIER TYPE
Source rdacarrier
Carrier type term volume
650 10 - SUBJECT ADDED ENTRY--TOPICAL TERM
Topical term or geographic name entry element Children's stories, English.
942 ## - ADDED ENTRY ELEMENTS (KOHA)
-- dc
Koha item type Book
Holdings
Withdrawn Not for loan Current library Shelving location Date acquired Total Checkouts Total Renewals Full call number Barcode Date last seen Date last checked out Koha item type
    Perpustakaan Alor Setar Pinjaman Kanak-kanak 04/01/2018 4 1 K 823 MAC A01562199 09/03/2024 25/02/2024 Book
    Perpustakaan Awam Sungai Petani Pinjaman Kanak-kanak 04/01/2018 14 1 K 823 MAC A01562200 22/05/2023 10/05/2023 Book
    Perpustakaan Kulim Pinjaman Kanak-kanak 04/01/2018 5 1 K 823 MAC A01562202 15/02/2025 07/01/2025 Book
    Perpustakaan Langkawi Pinjaman Kanak-kanak 04/01/2018 3 1 K 823 MAC A01562201 04/06/2024 21/05/2024 Book